000 00554nam a2200193 4500
001 86497
003 BD-RjUL
005 20260518101435.0
008 260518s1965 pk ||||| |||| 00| 0 urd d
035 _a(BD-RjUL) 86497
040 _aBD-RjUL
_beng
_cBD-RjUL
041 _aurd
082 _223
_a491.43981
_bDIS 1969
245 _aسرگزشت الفاظ / sargazsht alfaz //
_c احمد دین ;; Ahmad Din
260 _aKarachi :
_bShikh golam ali,
_c1969
300 _a268 p. ;
_c17 cm
650 _aUrdu language
_vEtymology
_918505
942 _2ddc
_cBK
999 _c86497
_d86497